Land down under [Lyrics] - Statistics

General Stats
  • This quiz has been taken 233 times
  • The average score is 18 of 26
Answer Stats
Answer % Correct
And he {said}
90%
And she {said}
90%
and gave me a vegemite {sandwich}
87%
Do you come from {a} {land} {down} {under}
85%
He just {smiled}
82%
You better {run}
82%
head full of {zombie}
81%
she made me {nervous}
81%
He was Six-foot-four and {full} {of} {muscles}
77%
I met a {strange} {lady},
77%
Cant you hear, Can't you hear {the} {thunder}?
76%
You better {take} {cover}
76%
from a man in {brussels}
72%
and men {plunder}
70%
I said "{do} {you} {speak}-{a} {my} {language}?"
70%
on a {hippie} {trail},
63%
are you trying to {tempt} {me}
60%
because i come from {the} {land} {of} {plenty}
58%
Lyin' in a den in {Bombay}
57%
Where women {glow}
57%
and {not} {much} {to} {say}
55%
I said to {the} {man}
55%
Buying {bread}
54%
She took me in and {made} {me} {breakfast}
54%
{traveling} in a fried-out combie
54%
With a {slack} {jaw}
41%
No matching quizzes found
Score Distribution
Percent of People with Each Score
Percentile by Number Answered
Your Score History
You have not taken this quiz